000 00333nam a22001457a 4500
003 OSt
005 20231211154636.0
008 231211b |||||||| |||| 00| 0 eng d
020 _a9780367270223
040 _c
245 _aIndustrial fire protection handbook
_cCraig,Schroll
250 _a2
260 _bCRC
942 _2ddc
_cBK
_n0
999 _c36009
_d36009